005190000a2200145000450024501720000065000250017265000130019765000170021065000150022765100110024265300430025304100130029610000230030977300410033210aRevision and typification of brazilian Augusta (), wilh ecological observations on the riverine vegetation of the cerrado and Atlantic forests14aBosques de galería14aCerrados14aVegetación14aEcología 4pBrasil fRubiaceaegAugustaeAugusta longifolia0 aInglés1 aDelprete, Piero G.1 tBrittonia3120h4q487-497d1997g49